| 000 | 00648nam a22001937a 4500 | ||
|---|---|---|---|
| 999 |
_c181961 _d181961 |
||
| 005 | 20211012113132.0 | ||
| 010 | _aB-741749 | ||
| 020 |
_c299.00 _a9789389253610 |
||
| 035 | _aB-741749 | ||
| 037 | _bGift | ||
| 082 | _aS | ||
| 100 | _aAnanthakrishnan,Indira | ||
| 245 |
_aThe phoenix in the sky: _bTales of wonder and wisdom from world religions / _cIndira Ananthakrishnan |
||
| 260 |
_aGurugram _bHachette Book Publishing _c2020 |
||
| 270 |
_a4th and 5th Floors, Corporate Centre, Plot No.94 _bGurugram _e122003 |
||
| 300 |
_a170 p. _c21cm(pbk) _bill |
||
| 942 |
_2ddc _cCH _hS _mANA |
||